|
|
|
|
| LEADER |
01302nam a2200349 4500 |
| 001 |
ocn795778777 |
| 003 |
OCoLC |
| 005 |
20180501122000.0 |
| 006 |
m o d |
| 007 |
cr cnu---unuuu |
| 008 |
120619s2003 xx ob 001 0 eng d |
| 040 |
|
|
|a OPELS
|b eng
|e pn
|c OPELS
|d OCLCQ
|d OCLCF
|d OCLCQ
|d GrThAP
|
| 020 |
|
|
|a 9780444511423
|q (electronic bk.)
|
| 020 |
|
|
|a 0444511423
|q (electronic bk.)
|
| 035 |
|
|
|a (OCoLC)795778777
|
| 050 |
|
4 |
|a RS400
|b .P76 v. 41
|
| 082 |
0 |
4 |
|a 615.1/9
|2 23
|
| 049 |
|
|
|a TEFA
|
| 245 |
0 |
0 |
|a Progress in medicinal chemistry.
|n Vol. 41 /
|c [edited by F.D. King and A.W. Oxford].
|
| 260 |
|
|
|a [Place of publication not identified] :
|b Academic Press,
|c 2003.
|
| 300 |
|
|
|a 1 online resource
|
| 336 |
|
|
|a text
|b txt
|2 rdacontent
|
| 337 |
|
|
|a computer
|b c
|2 rdamedia
|
| 338 |
|
|
|a online resource
|b cr
|2 rdacarrier
|
| 588 |
0 |
|
|a Online resource; title from publisher's Web site (ScienceDirect, viewed on June 19, 2012).
|
| 504 |
|
|
|a Includes bibliographical references and indexes.
|
| 650 |
|
0 |
|a Pharmaceutical chemistry.
|
| 650 |
|
7 |
|a Pharmaceutical chemistry.
|2 fast
|0 (OCoLC)fst01060115
|
| 655 |
|
4 |
|a Electronic books.
|
| 700 |
1 |
|
|a King, Frank D.
|
| 700 |
1 |
|
|a Oxford, A. W.
|
| 856 |
4 |
0 |
|u https://www.sciencedirect.com/science/bookseries/00796468/41
|z Full Text via HEAL-Link
|